Im-igyen szóla Zarathustra.
Elmentve itt :
| Szerző: | |
|---|---|
| Adatforrás: | Philobibl |
| Dokumentumtípus: | Könyv |
| Nyelv: | magyar |
| Megjelent: |
Bp.
Grill Károly.
1908
|
| Sorozat: | Társadalomtudományi Könyvtár. 11. kötet
|
| LEADER | 00467nam a2200145 c 4500 | ||
|---|---|---|---|
| 001 | bibDOK00022705 | ||
| 005 | 20200924121657.5 | ||
| 008 | 060518s1908 hu hun | ||
| 100 | 1 | |a Nietzsche, Friedrich | |
| 245 | 1 | 0 | |a Im-igyen szóla Zarathustra. |c Nietzsche, Friedrich |
| 260 | |a Bp. |b Grill Károly. |c 1908 | ||
| 300 | |a 440 p. p. | ||
| 490 | 1 | |a Társadalomtudományi Könyvtár. 11. kötet | |
| 500 | |a Ford. Wildner Ödön. | ||
| 830 | 0 | |a Társadalomtudományi Könyvtár. 11. kötet | |